00573nam a22002051 450000500170000000800410001701000140005802000100007203500130008203700150009504000180011008200130012810000150014124500430015626000430019927000350024230000240027765000270030165000390032820050827184311.0840907s1952 enk b 000 0 eng  aENG-92935 c75.00 aEN-76468 bDBAD / PUB adplbEnglish  a005.2768 aIndra, G.  aBasics of visual basic /cby G. Indra  aMettur Dam bVarun Publications c2007 aPonnagar,bMettur Dam e636401 a96 p.c21 cm (pbk)  aMicrosoft Visual BASIC aBASIC (Computer program language).